| 000 | 01565pam a2200373 a 4500 | ||
|---|---|---|---|
| 001 | 4868552 | ||
| 003 | OSt | ||
| 005 | 20140310181916.0 | ||
| 008 | 920421s1992 nyua j 001 0 eng | ||
| 010 | _a 92016232 | ||
| 020 |
_a0471555908 (cloth : acidfree paper) : _c$19.89 |
||
| 020 |
_a0471555894 (paper : acidfree paper) : _c$12.95 |
||
| 040 |
_aDLC _cDLC _dDLC |
||
| 042 | _alcac | ||
| 050 | 0 | 0 |
_aQH 51 _b.R68 1992 |
| 082 | 0 | 0 | _aTR 372.3 R541 1992 |
| 100 | 1 |
_aRoberts, Allene, _d1956- _9956 |
|
| 245 | 1 | 4 |
_aThe Curiosity Club : _bkid's nature activity book / _cwritten and illustated by Allene Roberts. |
| 260 |
_aNew York : _bJohn Wiley & Sons, _cc1992. |
||
| 300 |
_avii, 184 p. : _bill. ; _c28 cm. |
||
| 500 | _aIncludes index. | ||
| 520 | _aText and suggested activities give the reader good reasons to be outside where nature uses a special language to talk to us. | ||
| 521 | _aFaculty. | ||
| 541 | _j1 | ||
| 562 | _e1 | ||
| 650 | 0 |
_aNatural history _xStudy and teaching _xJuvenile literature. _9957 |
|
| 650 | 0 |
_aNature study _xActivity programs _xJuvenile literature. _9958 |
|
| 650 | 1 |
_aNature study. _9959 |
|
| 856 | 4 |
_3Table of Contents _uhttp://www.loc.gov/catdir/toc/onix01/92016232.html |
|
| 856 | 4 | 2 |
_3Publisher description _uhttp://www.loc.gov/catdir/enhancements/fy0706/92016232-d.html |
| 906 |
_a7 _bcbc _corignew _d1 _eocip _f19 _gy-gencatlg |
||
| 942 |
_2lcc _cBK-TR _kTR |
||
| 999 |
_c6762 _d6762 |
||